[Event "CZE-chT2D 1718"]
[Site "Czech Republic"]
[Date "2017.11.19"]
[Round "3.6"]
[White "Petrus, Ludek"]
[Black "Dosedel, Jiri"]
[Result "0-1"]
[WhiteElo "1955"]
[BlackElo "2064"]
[PlyCount "62"]
[EventDate "2017.10.15"]
[EventType "team-tourn"]
[EventRounds "11"]
[EventCountry "CZE"]
[SourceTitle "EXT 2022"]
[Source "ChessBase"]
[SourceDate "2021.10.06"]
[SourceVersion "1"]
[SourceVersionDate "2021.10.06"]
[SourceQuality "1"]
[WhiteTeam "Chotebor"]
[BlackTeam "Vysoke Myto"]
[WhiteTeamCountry "CZE"]
[BlackTeamCountry "CZE"]

1. e4 d6 2. d4 Nf6 3. Nc3 g6 4. f3 Bg7 5. Be3 0-0 6. Qd2 e5 7. d5 c5 8. 0-0-0 a6 9. g4 b5 10. Kb1 b4 11. Nce2 Nbd7 12. h4 h5 13. Ng3 hxg4 14. Be2 Nh5 15. Nxh5 gxh5 16. fxg4 Nf6 17. gxh5 Nxe4 18. Qe1 f5 19. Nf3 f4 20. Bc1 Ng3 21. Rg1 Qf6 22. Rxg3 fxg3 23. Bg5 Qf7 24. Qxg3 Kh8 25. Rg1 Rg8 26. Nd2 Bf5 27. Rf1 Raf8 28. Bd3 Qxh5 29. Ne4 Bxe4 30. Rxf8 Rxf8 31. Bxe4 Rf1+ 0-1